موسوعة العلوم الحديثة : (رقم التسجيلة. 9507)
[ عرض عادي ]
| 000 -LEADER | |
|---|---|
| fixed length control field | 01202nam a22002897a 4500 |
| 005 - DATE AND TIME OF LATEST TRANSACTION | |
| control field | 20251108164329.0 |
| 008 - FIXED-LENGTH DATA ELEMENTS--GENERAL INFORMATION | |
| fixed length control field | 250721s2006 xx 000 0 ara d |
| 082 14 - DEWEY DECIMAL CLASSIFICATION NUMBER | |
| Classification number | م/ط/031/فرن |
| 100 1# - MAIN ENTRY--PERSONAL NAME | |
| Personal name | فرنسيس، راغدة شربل |
| Relator term | مقدم |
| 245 10 - TITLE STATEMENT | |
| Title | موسوعة العلوم الحديثة : |
| Remainder of title | العلوم العامة ، الكون و الارض ، المعلوماتية و الحواسيب و الإنترنيت WWW ، النباتات و الحيوانات ، جسم الانسان ،وسائل النقل . / |
| 246 11 - VARYING FORM OF TITLE | |
| Title proper/short title | موسوعة العلوم الحديثة |
| 264 1# - PRODUCTION, PUBLICATION, DISTRIBUTION, MANUFACTURE, AND COPYRIGHT NOTICE | |
| Place of production, publication, distribution, manufacture | لبنان : |
| Name of producer, publisher, distributor, manufacturer | دار الشمال للطباعة والنشر والتوزيع، |
| Date of production, publication, distribution, manufacture, or copyright notice | 2006. |
| 300 ## - PHYSICAL DESCRIPTION | |
| Extent | 6.ج |
| 650 17 - SUBJECT ADDED ENTRY--TOPICAL TERM | |
| Topical term or geographic name as entry element | الموسوعات |
| 650 17 - SUBJECT ADDED ENTRY--TOPICAL TERM | |
| Topical term or geographic name as entry element | النقل |
| 650 17 - SUBJECT ADDED ENTRY--TOPICAL TERM | |
| Topical term or geographic name as entry element | النباتات |
| 650 17 - SUBJECT ADDED ENTRY--TOPICAL TERM | |
| Topical term or geographic name as entry element | الحيوانات |
| 650 17 - SUBJECT ADDED ENTRY--TOPICAL TERM | |
| Topical term or geographic name as entry element | الحواسيب |
| 650 17 - SUBJECT ADDED ENTRY--TOPICAL TERM | |
| Topical term or geographic name as entry element | العلوم و التكنولوجيا |
| 650 17 - SUBJECT ADDED ENTRY--TOPICAL TERM | |
| Topical term or geographic name as entry element | جسم الانسان |
| 653 ## - INDEX TERM--UNCONTROLLED | |
| Uncontrolled term | ناشاون صغار (10-14) سنه |
| 700 1# - ADDED ENTRY--PERSONAL NAME | |
| Personal name | أسعد، كارول |
| Relator term | مقدم |
| 700 1# - ADDED ENTRY--PERSONAL NAME | |
| Personal name | شربل، موريس |
| Relator term | مشرف |
| 700 1# - ADDED ENTRY--PERSONAL NAME | |
| Personal name | الطبال، احمد علي |
| Relator term | مشرف |
| 942 ## - ADDED ENTRY ELEMENTS (KOHA) | |
| Source of classification or shelving scheme | Dewey Decimal Classification |
| Koha item type | كتب |
| حالة السحب | حالة الفقدان | مصدر التصنيف | حالة التلف | غير قابل للإعارة | المكتبة الرئيسية | المكتبة الحالية | موقع الرف | تاريخ التزويد | الرقم المتسلسل | Total Checkouts | رقم الإستدعاء | الباركود | تاريخ آخر ظهور | تاريخ الفاتورة | نوع المادة (كوها) |
|---|---|---|---|---|---|---|---|---|---|---|---|---|---|---|---|
| Dewey Decimal Classification | المكتبة المركزية | المكتبة المركزية | الأطفال | 07/06/2010 | 1386443 | م/ط/031/فرن | PLD00151470 | 28/07/2025 | 07/06/2010 | كتب | |||||
| Dewey Decimal Classification | المكتبة المركزية | المكتبة المركزية | الأطفال | 29/01/2012 | 1508632 | م/ط/031/فرن | PLD00237973 | 28/07/2025 | 29/01/2012 | كتب | |||||
| Dewey Decimal Classification | المكتبة المركزية | المكتبة المركزية | الأطفال | 29/01/2012 | 1508630 | م/ط/031/فرن | PLD00237970 | 28/07/2025 | 29/01/2012 | كتب | |||||
| Dewey Decimal Classification | Not For Loan | مكتبة ومركز فرح | مكتبة ومركز فرح | الأطفال | 04/05/2009 | 1286640 | م/ط/031/فرن | PLD00086332 | 28/07/2025 | 04/05/2009 | كتب | ||||
| Dewey Decimal Classification | Not For Loan | مكتبة ومركز فرح | مكتبة ومركز فرح | الأطفال | 04/05/2009 | 1286641 | م/ط/031/فرن | PLD00086333 | 28/07/2025 | 04/05/2009 | كتب | ||||
| Dewey Decimal Classification | Not For Loan | مكتبة ومركز فرح | مكتبة ومركز فرح | الأطفال | 04/05/2009 | 1286636 | م/ط/031/فرن | PLD00086334 | 28/07/2025 | 04/05/2009 | كتب | ||||
| Dewey Decimal Classification | Not For Loan | مكتبة ومركز فرح | مكتبة ومركز فرح | الأطفال | 04/05/2009 | 1286637 | م/ط/031/فرن | PLD00086336 | 28/07/2025 | 04/05/2009 | كتب | ||||
| Dewey Decimal Classification | Not For Loan | مكتبة ومركز فرح | مكتبة ومركز فرح | الأطفال | 04/05/2009 | 1286638 | م/ط/031/فرن | PLD00086337 | 28/07/2025 | 04/05/2009 | كتب | ||||
| Dewey Decimal Classification | Not For Loan | مكتبة ومركز فرح | مكتبة ومركز فرح | الأطفال | 04/05/2009 | 1286639 | م/ط/031/فرن | PLD00086338 | 28/07/2025 | 04/05/2009 | كتب |